<?xml version="1.0" encoding="UTF-8"?><?xml-stylesheet type="text/xsl" href="static/style.xsl"?><OAI-PMH xmlns="http://www.openarchives.org/OAI/2.0/" xmlns:xsi="http://www.w3.org/2001/XMLSchema-instance" xsi:schemaLocation="http://www.openarchives.org/OAI/2.0/ http://www.openarchives.org/OAI/2.0/OAI-PMH.xsd"><responseDate>2026-04-13T07:32:25Z</responseDate><request verb="GetRecord" identifier="oai:www.recercat.cat:20.500.14342/1745" metadataPrefix="marc">https://recercat.cat/oai/request</request><GetRecord><record><header><identifier>oai:recercat.cat:20.500.14342/1745</identifier><datestamp>2025-09-06T10:02:03Z</datestamp><setSpec>com_2072_482405</setSpec><setSpec>com_2072_183628</setSpec><setSpec>col_2072_482411</setSpec></header><metadata><record xmlns="http://www.loc.gov/MARC21/slim" xmlns:dcterms="http://purl.org/dc/terms/" xmlns:xsi="http://www.w3.org/2001/XMLSchema-instance" xmlns:doc="http://www.lyncode.com/xoai" xsi:schemaLocation="http://www.loc.gov/MARC21/slim http://www.loc.gov/standards/marcxml/schema/MARC21slim.xsd">
   <leader>00925njm 22002777a 4500</leader>
   <datafield ind2=" " ind1=" " tag="042">
      <subfield code="a">dc</subfield>
   </datafield>
   <datafield ind2=" " ind1=" " tag="720">
      <subfield code="a">Cuesta Vargas, Antonio I.</subfield>
      <subfield code="e">author</subfield>
   </datafield>
   <datafield ind2=" " ind1=" " tag="720">
      <subfield code="a">Giné-Garriga, Maria</subfield>
      <subfield code="e">author</subfield>
   </datafield>
   <datafield ind2=" " ind1=" " tag="720">
      <subfield code="a">González Sánchez, M.</subfield>
      <subfield code="e">author</subfield>
   </datafield>
   <datafield ind2=" " ind1=" " tag="260">
      <subfield code="c">2015-09</subfield>
   </datafield>
   <datafield ind2=" " ind1=" " tag="520">
      <subfield code="a">Objetivo: analizar de qué manera la capacidad neuromuscular de producir fuerza explosiva e isotónica máxima, en los miembros inferiores y en la espalda, contribuyen al equilibrio en mayores diferenciando dicha respuesta a partir de la edad y del género de los sujetos. &#xd;
Material y método: 113 mayores participaron en este estudio donde se instrumentalizaron pruebas comunes (extensión lumbar, salto con contramovimiento, test del alcance funcional y prueba de levántate y anda) para medir la capacidad neuromuscular de la fuerza y medición del equilibrio. Se distribuyeron los grupos por sexo y a partir de un análisis de subgrupos en función de la edad de los participantes.&#xd;
Resultados: en función del sexo y de la edad, las personas mayores muestran respuestas diferentes ante los mismos estímulos, ofreciendo un mayor rendimiento los hombres más jóvenes, y un menor rendimiento las mujeres mayores. Además, se han comprobado correlaciones significativas entre variables funcionales y de la capacidad neuromuscular de la fuerza que oscila entre 0.497 y 0.811 en el subgrupo de mujeres y entre 0.416 y 0.833 en el subgrupo de hombres.&#xd;
Conclusiones: la edad y el género en personas mayores actúan como un condicionante negativo del rendimiento durante la ejecución de tareas funcionales y pruebas para medir la capacidad neuromuscular de la fuerza.</subfield>
   </datafield>
   <datafield ind1="8" ind2=" " tag="024">
      <subfield code="a">http://hdl.handle.net/20.500.14342/1745</subfield>
   </datafield>
   <datafield ind1="8" ind2=" " tag="024">
      <subfield code="a">http://dx.doi.org/10.15366/rimcafd2015.59.009</subfield>
   </datafield>
   <datafield tag="653" ind2=" " ind1=" ">
      <subfield code="a">Condició física--Avaluació</subfield>
   </datafield>
   <datafield tag="653" ind2=" " ind1=" ">
      <subfield code="a">Equilibri (Fisiologia)</subfield>
   </datafield>
   <datafield tag="653" ind2=" " ind1=" ">
      <subfield code="a">Diferències entre sexes</subfield>
   </datafield>
   <datafield tag="653" ind2=" " ind1=" ">
      <subfield code="a">Grups d'edat</subfield>
   </datafield>
   <datafield ind2="0" ind1="0" tag="245">
      <subfield code="a">Función física entre subgrupos de mayores de 55 años físicamente activos</subfield>
   </datafield>
</record></metadata></record></GetRecord></OAI-PMH>